000 01624nam a2200349 c 4500
003 BLK
005 20240731005407.0
008 180410b bul|||||r ||||||| ||bul||
010 _aKNG00164407000
040 _aBLK
041 _aBUL
_cBUL
072 7 _2bullib
_aС
_xСтаропечатен фонд
080 _aНародни песни
_b398.8
_x
_z398.8
139 _aСлавейков, Петко Рачов
_bС 42
245 1 0 _aСлавейче или Събрание на различни песни български и турски за растуха на младите
_cсъбр. и наредил Петко Рачов Славейков.
257 _aBGR
260 Цариград
_c1864
_fЦариград : В типограф. на Т. Дивитчиян
300 _a128 с.
_c15 см
380 _a3
500 _aИмето на авт. е взето от БВК, т. 1 Дар от Никола Даков
650 4 _aФолклор, български
_9246102
653 _aфолклор
653 _aнародни песни
659 _aС
700 1 _aСлавейков, Петко Рачов
_d1827-1895
_gВиден възрожд. деец, участник в борбата за църк. освобожд., просветител, писател, поет, публицист, фолклорист, политик
_eсъбр. и наредил
_9121105
852 _aЦб Ст 6954 * 722
856 4 _qpdf
_u
856 4 _qpdf
_u
942 _cKNG
_n0
_01
944 _aCR
_c27.08.2014
_k
_lCRON CRON
944 _aED
_c27.08.2014
_k
999 _c157463
_d157463